000 02236nam0a2200385 4500
001 RU\NLR\bibl\1117171
005 20250615063712.0
010 _a978-5-7695-3587-1
_bВ пер.
_95000
021 _aRU
_b2007-44717
_92389
035 _a(nilc)RSL-KNO-003143191
035 _a(NLR Aleph) 001104170
090 _a1197153
_c1197153
100 _a20070711d2007 |||y0rusy50 ca
101 0 _arus
102 _aRU
105 _aa zzzz|||||
200 1 _aОсновы физиологии питания, микробиологии, гигиены и санитарии
_eучебник
_eдля образовательных учреждений, реализующих программы начального профессионального образования
_fЗ. П. Матюхина
210 _aМосква
_cАкадемия
_d2007
215 _a205, [1] с.
_cил., табл.
_d22
225 1 _aНачальное профессиональное образование
_iОбщественное питание
225 1 _aФедеральный комплект учебников
320 _aБиблиогр.: с. 201
606 1 _aПитание
_jУчебники для начального профессионального образования
_xГигиена
_91181108
_3RU\NLR\auth\66157651
610 0 _aБиологические науки -- Физиология, биофизика и биохимия животных и человека -- Физиология животных и человека -- Обмен веществ и энергии -- Питание -- Учебник для среднего специального образования
610 0 _aЗдравоохранение. Медицинские науки -- Гигиена питания -- Учебник для среднего специального образования
686 _aЕ903.11я723-1
_2rubbk
686 _aР123я723-1
_2rubbk
686 _aР123я72
700 1 _aМатюхина
_bЗ. П.
_gЗинаида Петровна
_4070
801 0 _aRU
_bРКП
_c20070711
801 1 _aRU
_bРГБ
_c20070711
801 2 _aRU
_bNLR
_c20070814
_grcr
942 _cBOOK
980 _aNB